Norma Chilena Oficial NCh 434. Of70

Sparad:
Bibliografiska uppgifter
Institutionella upphovsmän: Instituto Nacional de Normalización (Författare, medförfattare), INN (Författare, medförfattare)
Materialtyp: Bok
Språk:spanska
Publicerad: Santiago Instituto Nacional de Normalización 1970
Upplaga:1a. ed
Ämnen:
Taggar: Lägg till en tagg
Inga taggar, Lägg till första taggen!

MARC

LEADER 00000nam a2200000 a 4500
001 UCK5900
003 CL-VaPUC
008 050826e19700000CL |||||||||||||||||spa|d
082 0 4 |a 693.54  |b INS  |2 21 
110 2 |a Instituto Nacional de Normalización  |e author  |9 494948 
710 2 |a INN  |e author  |9 494949 
245 1 0 |a Norma Chilena Oficial NCh 434. Of70 
246 1 0 |a Barras de acero de alta resistencia en obras de hormigón armado 
250 |a 1a. ed 
300 |a 7 p 
942 |c BK 
945 |d 20050826 00:00:00  |a jcarroza 
260 |a Santiago  |b Instituto Nacional de Normalización  |c 1970 
650 0 |a Materiales de construcción  |9 260197 
650 7 |a HORMIGON ARMADO  |2 CL-VaPUC  |9 494950 
650 0 |a Aceros  |9 260685 
650 7 |a NORMAS  |2 CL-VaPUC  |9 259606 
583 |a last modification  |c 20160105 12:46:44  |k Rodrigo Vera 
999 |c 314352  |d 314350